| 000 | 00690nam a2200265Ia 4500 | ||
|---|---|---|---|
| 008 | 170203s9999 xx 000 0 und d | ||
| 020 | _a0-316109924 | ||
| 050 | _aFic | ||
| 050 | _bB879a | ||
| 100 | _aBrown, Marc Tolon. | ||
| 245 | 4 | _aThe Bionic Bunny show / | |
| 245 | _cMarc Tolon Brown. | ||
| 260 | _aBoston : | ||
| 260 | _bLittle, Brown, | ||
| 260 | _c©1984. | ||
| 300 | _a32 unnumbered pages : | ||
| 300 | _bchiefly illustrations ; | ||
| 300 | _c20 x 27 cm | ||
| 500 | _a"A Marc Brown, Laurene Krasny Brown Production." | ||
| 650 | _aRabbits-- | ||
| 650 | _aTelevision-- | ||
| 650 | _xFiction. | ||
| 650 | _xFiction. | ||
| 700 | _aBrown, Laurene Krasny. | ||
| 999 |
_c306627 _d306627 |
||